[Event "DVM U20w 2022"]
[Site "Münster GER"]
[Date "2022.12.29"]
[Round "5"]
[White "Ludwig, Lea"]
[Black "Daoud, Shahnaz"]
[Result "1/2-1/2"]
[Termination "normal"]
[Board "5.4"]
[WhiteElo "1315"]
[BlackElo "1367"]
[WhiteClock "00:17:08"]
[BlackClock "00:48:21"]
[WhiteTeam "SC Borussia Lichtenberg"]
[BlackTeam "SK Lehrte von 1919 e. V."]
[PlyCount "81"]
[WhiteFideId "16217381"]
[BlackFideId "16297750"]
[EventCountry "GER"]
[EventRounds "7"]
[EventType "team-swiss"]
[EventDate "2022.12.26"]

1. d4 {[%clk 01:30:58]} d5 {[%clk 01:30:46]} {[%emt 00:00:14]} 2. Bf4 {[%clk
01:30:50]} {[%emt 00:00:39]} Nf6 {[%clk 01:30:48]} {[%emt 00:00:27]} 3. e3
{[%clk 01:30:40]} {[%emt 00:00:41]} Bf5 {[%clk 01:31:04]} {[%emt 00:00:15]} 4.
Nf3 {[%clk 01:29:18]} {[%emt 00:01:52]} e6 {[%clk 01:30:55]} {[%emt 00:00:38]}
5. h3 {[%clk 01:29:16]} {[%emt 00:00:32]} h6 {[%clk 01:29:51]} {[%emt
00:01:34]} 6. Bd3 {[%clk 01:28:46]} {[%emt 00:01:00]} Bxd3 {[%clk 01:27:44]}
{[%emt 00:02:37]} 7. Qxd3 {[%clk 01:28:51]} {[%emt 00:00:24]} c6 {[%clk
01:27:47]} {[%emt 00:00:28]} 8. c3 {[%clk 01:29:10]} {[%emt 00:00:10]} Bd6
{[%clk 01:27:39]} {[%emt 00:00:38]} 9. Bh2 {[%clk 01:29:11]} {[%emt 00:00:29]}
Qc7 {[%clk 01:26:29]} {[%emt 00:01:40]} 10. Nbd2 {[%clk 01:28:35]} {[%emt
00:01:07]} Nbd7 {[%clk 01:26:28]} {[%emt 00:00:31]} 11. e4 {[%clk 01:24:43]}
{[%emt 00:04:22]} dxe4 {[%clk 01:25:25]} {[%emt 00:01:33]} 12. Nxe4 {[%clk
01:24:18]} {[%emt 00:00:54]} Nxe4 {[%clk 01:25:18]} {[%emt 00:00:38]} 13. Qxe4
{[%clk 01:24:36]} {[%emt 00:00:12]} Bxh2 {[%clk 01:22:24]} {[%emt 00:03:24]}
14. Nxh2 {[%clk 01:24:46]} {[%emt 00:00:20]} O-O {[%clk 01:22:29]} {[%emt
00:00:24]} 15. O-O {[%clk 01:23:48]} {[%emt 00:01:28]} Nf6 {[%clk 01:21:50]}
{[%emt 00:01:09]} 16. Qe2 {[%clk 01:23:20]} {[%emt 00:00:57]} Rfe8 {[%clk
01:21:36]} {[%emt 00:00:46]} 17. Nf3 {[%clk 01:23:21]} {[%emt 00:00:29]} Re7
{[%clk 01:21:06]} {[%emt 00:01:00]} 18. Rfe1 {[%clk 01:17:19]} {[%emt
00:06:32]} Rae8 {[%clk 01:20:53]} {[%emt 00:00:43]} 19. Ne5 {[%clk 01:13:54]}
{[%emt 00:03:55]} Nd7 {[%clk 01:18:47]} {[%emt 00:02:34]} 20. f4 {[%clk
01:09:21]} {[%emt 00:05:04]} Nf8 {[%clk 01:15:11]} {[%emt 00:04:06]} 21. Qe3
{[%clk 01:05:41]} {[%emt 00:04:09]} Nd7 {[%clk 01:14:34]} {[%emt 00:01:07]} 22.
Qg3 {[%clk 00:58:52]} {[%emt 00:07:20]} Nxe5 {[%clk 01:14:24]} {[%emt
00:00:40]} 23. fxe5 {[%clk 00:58:34]} {[%emt 00:00:48]} c5 {[%clk 01:13:02]}
{[%emt 00:01:52]} 24. Qe3 {[%clk 00:48:03]} {[%emt 00:11:01]} cxd4 {[%clk
01:12:02]} {[%emt 00:01:30]} 25. cxd4 {[%clk 00:46:18]} {[%emt 00:02:15]} Qb6
{[%clk 01:11:46]} {[%emt 00:00:45]} 26. Qf2 {[%clk 00:43:30]} {[%emt 00:03:18]}
Rd8 {[%clk 01:11:28]} {[%emt 00:00:48]} 27. Rad1 {[%clk 00:43:16]} {[%emt
00:00:45]} Red7 {[%clk 01:10:06]} {[%emt 00:01:52]} 28. Re4 {[%clk 00:43:16]}
{[%emt 00:00:29]} Rd5 {[%clk 01:06:39]} {[%emt 00:03:57]} 29. Rf4 {[%clk
00:36:52]} {[%emt 00:06:55]} Rxe5 {[%clk 01:00:08]} {[%emt 00:07:00]} 30. Rxf7
{[%clk 00:32:15]} {[%emt 00:05:08]} Rf5 {[%clk 01:00:06]} {[%emt 00:00:32]} 31.
Rxf5 {[%clk 00:31:14]} {[%emt 00:01:31]} exf5 {[%clk 01:00:29]} {[%emt
00:00:07]} 32. Qd2 {[%clk 00:30:35]} {[%emt 00:01:08]} Kf7 {[%clk 00:59:17]}
{[%emt 00:01:41]} 33. b3 {[%clk 00:29:03]} {[%emt 00:02:03]} Kf6 {[%clk
00:55:22]} {[%emt 00:04:25]} 34. Qe3 {[%clk 00:25:49]} {[%emt 00:03:44]} Qe6
{[%clk 00:54:05]} {[%emt 00:01:46]} 35. Qe5 {[%clk 00:21:59]} {[%emt 00:04:21]}
Kf7 {[%clk 00:52:38]} {[%emt 00:01:58]} 36. Qc7 {[%emt 00:01:44]} Rd7 {[%clk
00:52:22]} {[%emt 00:00:43]} 37. Qc4 {[%clk 00:20:12]} {[%emt 00:01:06]} Qxc4
{[%clk 00:51:34]} {[%emt 00:01:15]} 38. bxc4 {[%clk 00:20:34]} {[%emt
00:00:11]} b6 {[%clk 00:51:31]} {[%emt 00:00:32]} 39. a4 {[%clk 00:19:00]}
{[%emt 00:02:05]} g5 {[%clk 00:48:54]} {[%emt 00:03:07]} 40. Kf2 {[%clk
00:17:27]} {[%emt 00:02:03]} a5 {[%clk 00:48:21]} {[%emt 00:01:02]} 41. Kf3
{[%clk 00:17:08]} {[%emt 00:00:49]} 1/2-1/2

[Event "DVM U20w 2022"]
[Site "Münster GER"]
[Date "2022.12.29"]
[Round "5"]
[White "Tabakh, Najat"]
[Black "Klahold, Rona"]
[Result "0-1"]
[Termination "normal"]
[Board "6.1"]
[WhiteElo "1330"]
[BlackElo "1553"]
[WhiteTeam "SV Bad Oldesloe"]
[BlackTeam "Schachclub Porta Westfalica 1950"]
[PlyCount "50"]
[WhiteFideId "16209109"]
[BlackFideId "16222970"]
[EventCountry "GER"]
[EventRounds "7"]
[EventType "team-swiss"]
[EventDate "2022.12.26"]

1. e4 e5 2. Nf3 Nc6 3. c3 Nf6 4. d4 exd4 5. e5 Nd5 6. cxd4 Bb4 7. Bd2 Bxd2 8.
Qxd2 d6 9. Bc4 Nce7 10. Nc3 Nxc3 11. Qxc3 d5 12. Bb3 O-O 13. O-O c6 14. Bc2 f6
15. exf6 Rxf6 16. Rfe1 Bg4 17. Ne5 Bf5 18. Bxf5 Nxf5 19. Rad1 Qd6 20. Rd3 Re8
21. Ng4 Rxe1 22. Qxe1 Re6 23. Qc1 Qb4 24. Kf1 Nxd4 25. Re3 Qb5 0-1

[Event "DVM U20w 2022"]
[Site "Münster GER"]
[Date "2022.12.29"]
[Round "5"]
[White "Duchstein, Anna"]
[Black "Xie, Kelly"]
[Result "1-0"]
[Termination "normal"]
[Board "6.2"]
[WhiteElo "1636"]
[BlackElo "966"]
[WhiteTeam "Schachclub Porta Westfalica 1950"]
[BlackTeam "SV Bad Oldesloe"]
[PlyCount "71"]
[WhiteFideId "16261372"]
[BlackFideId "34628444"]
[EventCountry "GER"]
[EventRounds "7"]
[EventType "team-swiss"]
[EventDate "2022.12.26"]

1. d4 d5 2. Bf4 Nf6 3. e3 e6 4. Nd2 Be7 5. Bd3 O-O 6. h3 b6 7. Ngf3 Bb7 8. c3
Nbd7 9. g4 c5 10. g5 Ne4 11. h4 f6 12. Rg1 cxd4 13. exd4 Nxd2 14. Qxd2 fxg5 15.
Nxg5 Bxg5 16. Bxg5 Qc7 17. Qc2 Nf6 18. f3 Rae8 19. O-O-O e5 20. Bxf6 Rxf6 21.
Bxh7 Kf8 22. dxe5 Qxe5 23. Qg2 Re7 24. Rd4 Qe3 25. Kb1 Qxf3 26. Qh2 Re8 27. Qc7
Rf7 28. Qd6 Ree7 29. Bg6 Qf2 30. Rc1 Qf6 31. Qg3 Qf2 32. Qb8 Re8 33. Qd6 Ree7
34. Bxf7 Qxf7 35. Rf4 Qxf4 36. Qxf4 1-0

[Event "DVM U20w 2022"]
[Site "Münster GER"]
[Date "2022.12.29"]
[Round "5"]
[White "Yilmaz, Zilan"]
[Black "Schmidt, Inga"]
[Result "0-1"]
[Termination "normal"]
[Board "6.3"]
[WhiteElo "696"]
[BlackElo "1163"]
[WhiteTeam "SV Bad Oldesloe"]
[BlackTeam "Schachclub Porta Westfalica 1950"]
[PlyCount "76"]
[WhiteFideId "34640142"]
[BlackFideId "16284526"]
[EventCountry "GER"]
[EventRounds "7"]
[EventType "team-swiss"]
[EventDate "2022.12.26"]

1. e4 e5 2. Nf3 Nc6 3. Bc4 Bc5 4. c3 Nf6 5. d4 exd4 6. cxd4 Bb4 7. Nbd2 Nxe4 8.
O-O Nxd2 9. Bxd2 Bxd2 10. Qxd2 O-O 11. Rfe1 d5 12. Bd3 Qf6 13. Re5 Nxe5 14.
dxe5 Qh6 15. Qc3 c6 16. Qc2 Bg4 17. Be2 Bxf3 18. Bxf3 a5 19. a4 Rfe8 20. Qc3 f6
21. exf6 Qxf6 22. Qxf6 gxf6 23. Bh5 Re5 24. Bf3 Rae8 25. h3 Re1 26. Rxe1 Rxe1
27. Kh2 Rb1 28. g4 Rxb2 29. h4 Rxf2 30. Bg2 b5 31. g5 fxg5 32. hxg5 bxa4 33.
Kg1 Rxg2 34. Kxg2 a3 35. Kg3 a2 36. Kg4 a1=Q 37. Kf5 Qf1 38. Kg4 d4 0-1

[Event "DVM U20w 2022"]
[Site "Münster GER"]
[Date "2022.12.29"]
[Round "5"]
[White "Dieckmann, Phibie"]
[Black "Mohammed Dawed, Lizan"]
[Result "0-1"]
[Termination "normal"]
[Board "6.4"]
[WhiteElo "1020"]
[BlackElo "816"]
[WhiteTeam "Schachclub Porta Westfalica 1950"]
[BlackTeam "SV Bad Oldesloe"]
[PlyCount "70"]
[WhiteFideId "34607161"]
[BlackFideId "34628401"]
[EventCountry "GER"]
[EventRounds "7"]
[EventType "team-swiss"]
[EventDate "2022.12.26"]

1. e4 d5 2. exd5 Qxd5 3. Nc3 Qa5 4. d4 Nf6 5. Bd2 c6 6. Nf3 Bg4 7. h3 Bf5 8.
Bc4 Qd8 9. O-O h6 10. Re1 g5 11. Ne5 e6 12. a3 Qxd4 13. Qe2 Nbd7 14. Nxd7 Qxd7
15. Bd3 Bxd3 16. cxd3 O-O-O 17. Ne4 Nxe4 18. dxe4 Qxd2 19. Qf3 Qf4 20. Qc3 Bd6
21. e5 Bc7 22. b4 Rd5 23. g3 Qf5 24. Qe3 Rxe5 25. Qxa7 Bb8 26. Qb6 Rb5 27. Qd4
Be5 28. Qd2 Bxa1 29. Rxa1 Rd8 30. Qc3 Rd3 31. Qb2 Qf3 32. Rf1 Rbd5 33. b5 Rd1
34. b6 Rxf1 35. Kxf1 Rd1# 0-1

[Event "DVM U20w 2022"]
[Site "Münster GER"]
[Date "2022.12.29"]
[Round "6"]
[White "Peglau, Charis"]
[Black "Basovskiy, Jana"]
[Result "1/2-1/2"]
[Termination "normal"]
[Board "1.1"]
[WhiteElo "2008"]
[BlackElo "1865"]
[WhiteClock "00:40:26"]
[BlackClock "00:14:17"]
[WhiteTeam "Schachzentrum Seeblick e. V."]
[BlackTeam "Karlsruher SF 1853 1"]
[PlyCount "65"]
[WhiteFideId "16219996"]
[BlackFideId "16208617"]
[EventCountry "GER"]
[EventRounds "7"]
[EventType "team-swiss"]
[EventDate "2022.12.26"]

1. d4 {[%clk 01:30:57]} {[%emt 00:00:03]} Nf6 {[%clk 01:30:55]} {[%emt
00:00:05]} 2. Nf3 {[%clk 01:31:20]} {[%emt 00:00:07]} e6 {[%clk 01:31:20]}
{[%emt 00:00:06]} 3. g3 {[%clk 01:31:45]} {[%emt 00:00:05]} c5 {[%clk
01:26:13]} {[%emt 00:05:37]} 4. Bg2 {[%clk 01:31:39]} {[%emt 00:00:36]} Nc6
{[%clk 01:26:11]} {[%emt 00:00:33]} 5. O-O {[%clk 01:30:57]} {[%emt 00:01:12]}
d5 {[%clk 01:16:30]} {[%emt 00:10:12]} 6. c4 {[%clk 01:30:53]} {[%emt
00:00:34]} Be7 {[%clk 01:10:06]} {[%emt 00:06:53]} 7. Nc3 {[%clk 01:25:42]}
{[%emt 00:05:41]} O-O {[%clk 01:05:46]} {[%emt 00:04:49]} 8. cxd5 {[%clk
01:24:14]} {[%emt 00:01:59]} exd5 {[%clk 01:04:06]} {[%emt 00:02:11]} 9. dxc5
{[%clk 01:22:19]} {[%emt 00:02:25]} Bxc5 {[%clk 01:04:13]} {[%emt 00:00:22]}
10. Bg5 {[%clk 01:21:36]} {[%emt 00:01:13]} Be6 {[%clk 01:02:09]} {[%emt
00:02:34]} 11. Bxf6 {[%clk 01:18:31]} {[%emt 00:03:35]} Qxf6 {[%clk 01:01:35]}
{[%emt 00:01:04]} 12. Nxd5 {[%clk 01:18:53]} {[%emt 00:00:09]} Qxb2 {[%clk
01:01:27]} {[%emt 00:00:38]} 13. Nc7 {[%clk 01:16:38]} {[%emt 00:02:45]} Rad8
{[%clk 00:59:55]} {[%emt 00:02:02]} 14. Qc1 {[%clk 01:16:41]} {[%emt 00:00:27]}
Qxc1 {[%clk 00:55:24]} {[%emt 00:05:01]} 15. Raxc1 {[%clk 01:16:21]} {[%emt
00:00:51]} Bb6 {[%clk 00:55:40]} {[%emt 00:00:13]} 16. Nxe6 {[%clk 01:16:43]}
{[%emt 00:00:07]} fxe6 {[%clk 00:56:07]} {[%emt 00:00:04]} 17. e3 {[%clk
01:12:00]} {[%emt 00:05:13]} Rf5 {[%clk 00:31:11]} {[%emt 00:25:26]} 18. Nh4
{[%clk 00:59:28]} {[%emt 00:13:02]} Ra5 {[%clk 00:31:35]} {[%emt 00:00:05]} 19.
Bxc6 {[%clk 00:59:37]} {[%emt 00:00:23]} bxc6 {[%clk 00:32:00]} {[%emt
00:00:05]} 20. Rxc6 {[%clk 01:00:02]} {[%emt 00:00:04]} Rxa2 {[%clk 00:31:16]}
{[%emt 00:01:15]} 21. Rxe6 {[%clk 01:00:31]} {[%emt 00:00:01]} Rdd2 {[%clk
00:30:59]} {[%emt 00:00:45]} 22. Nf3 {[%clk 00:59:40]} {[%emt 00:01:22]} Re2
{[%clk 00:27:19]} {[%emt 00:04:10]} 23. Ng5 {[%clk 00:57:23]} {[%emt 00:02:48]}
g6 {[%clk 00:25:37]} {[%emt 00:02:12]} 24. Re8 {[%clk 00:56:56]} {[%emt
00:00:57]} Kg7 {[%clk 00:25:55]} {[%emt 00:00:12]} 25. h4 {[%clk 00:55:11]}
{[%emt 00:02:14]} h6 {[%clk 00:23:08]} {[%emt 00:03:18]} 26. Nh3 {[%clk
00:49:58]} {[%emt 00:05:43]} Kf7 {[%clk 00:22:48]} {[%emt 00:00:48]} 27. Re4
{[%clk 00:49:13]} {[%emt 00:01:16]} Bc7 {[%clk 00:22:02]} {[%emt 00:01:13]} 28.
Kg2 {[%clk 00:47:01]} {[%emt 00:02:45]} a5 {[%clk 00:21:26]} {[%emt 00:01:06]}
29. Rd1 {[%clk 00:44:42]} {[%emt 00:02:49]} Red2 {[%clk 00:17:42]} {[%emt
00:04:13]} 30. Rb1 {[%clk 00:42:06]} {[%emt 00:03:07]} Rdb2 {[%clk 00:15:48]}
{[%emt 00:02:23]} 31. Rd1 {[%clk 00:42:06]} {[%emt 00:00:30]} Rd2 {[%clk
00:15:29]} {[%emt 00:00:49]} 32. Rb1 {[%clk 00:40:15]} {[%emt 00:02:22]} Rdb2
{[%clk 00:14:17]} {[%emt 00:01:41]} 33. Rd1 {[%clk 00:40:26]} {[%emt 00:00:19]}
1/2-1/2

[Event "DVM U20w 2022"]
[Site "Münster GER"]
[Date "2022.12.29"]
[Round "6"]
[White "Grining, Maria"]
[Black "Peglau, Dora"]
[Result "0-1"]
[Termination "normal"]
[Board "1.2"]
[WhiteElo "1758"]
[BlackElo "1869"]
[WhiteClock "00:10:53"]
[BlackClock "00:06:31"]
[WhiteTeam "Karlsruher SF 1853 1"]
[BlackTeam "Schachzentrum Seeblick e. V."]
[PlyCount "74"]
[WhiteFideId "16235037"]
[BlackFideId "16220005"]
[EventCountry "GER"]
[EventRounds "7"]
[EventType "team-swiss"]
[EventDate "2022.12.26"]

1. e4 {[%clk 01:30:57]} {[%emt 00:00:02]} c5 {[%clk 01:30:35]} {[%emt
00:00:25]} 2. Nf3 {[%clk 01:30:56]} {[%emt 00:00:31]} e6 {[%clk 01:30:56]}
{[%emt 00:00:09]} 3. d3 {[%clk 01:30:55]} {[%emt 00:00:31]} a6 {[%clk
01:30:37]} {[%emt 00:00:48]} 4. c3 {[%clk 01:30:46]} {[%emt 00:00:40]} b5
{[%clk 01:30:23]} {[%emt 00:00:44]} 5. d4 {[%clk 01:28:48]} {[%emt 00:02:28]}
Bb7 {[%clk 01:28:13]} {[%emt 00:02:39]} 6. Bd3 {[%clk 01:23:11]} {[%emt
00:06:07]} Qc7 {[%clk 01:22:28]} {[%emt 00:06:15]} 7. O-O {[%clk 01:21:05]}
{[%emt 00:02:36]} Nf6 {[%clk 01:22:34]} {[%emt 00:00:24]} 8. Nbd2 {[%clk
01:20:49]} {[%emt 00:00:46]} Be7 {[%clk 01:21:49]} {[%emt 00:01:15]} 9. Ne5
{[%clk 01:18:44]} {[%emt 00:02:34]} d5 {[%clk 01:13:37]} {[%emt 00:08:42]} 10.
exd5 {[%clk 01:16:39]} {[%emt 00:02:35]} Bxd5 {[%clk 01:11:57]} {[%emt
00:02:10]} 11. f4 {[%clk 01:12:04]} {[%emt 00:05:05]} Nc6 {[%clk 01:08:13]}
{[%emt 00:04:13]} 12. Ndf3 {[%clk 01:09:33]} {[%emt 00:03:02]} cxd4 {[%clk
01:04:25]} {[%emt 00:04:18]} 13. cxd4 {[%clk 01:06:46]} {[%emt 00:03:17]} O-O
{[%clk 01:03:43]} {[%emt 00:01:11]} 14. Be3 {[%clk 01:01:02]} {[%emt 00:06:13]}
Nb4 {[%clk 01:01:58]} {[%emt 00:02:15]} 15. Bb1 {[%clk 00:51:59]} {[%emt
00:09:34]} Bb7 {[%clk 01:01:08]} {[%emt 00:01:19]} 16. a3 {[%clk 00:47:12]}
{[%emt 00:05:18]} Nbd5 {[%clk 01:01:29]} {[%emt 00:00:08]} 17. Qd3 {[%clk
00:47:10]} {[%emt 00:00:32]} Nxe3 {[%clk 01:00:50]} {[%emt 00:01:10]} 18. Qxe3
{[%clk 00:47:34]} {[%emt 00:00:05]} Rac8 {[%clk 00:56:48]} {[%emt 00:04:29]}
19. g4 {[%clk 00:45:28]} {[%emt 00:02:39]} Rfd8 {[%clk 00:47:00]} {[%emt
00:10:17]} 20. g5 {[%clk 00:31:53]} {[%emt 00:14:06]} Nd7 {[%clk 00:45:22]}
{[%emt 00:02:06]} 21. h4 {[%clk 00:28:10]} {[%emt 00:04:14]} Nxe5 {[%clk
00:40:19]} {[%emt 00:05:33]} 22. fxe5 {[%clk 00:27:54]} {[%emt 00:00:46]} Qc6
{[%clk 00:35:43]} {[%emt 00:05:05]} 23. Qf4 {[%clk 00:24:24]} {[%emt 00:04:01]}
Qb6 {[%clk 00:23:33]} {[%emt 00:12:40]} 24. Be4 {[%clk 00:18:51]} {[%emt
00:06:03]} Rxd4 {[%clk 00:21:06]} {[%emt 00:02:57]} 25. Bxh7 {[%clk 00:19:04]}
{[%emt 00:00:17]} Kxh7 {[%clk 00:21:01]} {[%emt 00:00:35]} 26. Nxd4 {[%clk
00:18:36]} {[%emt 00:00:57]} Rc4 {[%clk 00:13:54]} {[%emt 00:07:37]} 27. Qxf7
{[%clk 00:14:03]} {[%emt 00:05:02]} Qxd4 {[%clk 00:14:18]} {[%emt 00:00:06]}
28. Rf2 {[%clk 00:14:16]} {[%emt 00:00:17]} Qg4 {[%clk 00:12:09]} {[%emt
00:02:39]} 29. Kf1 {[%clk 00:14:30]} {[%emt 00:00:16]} Qh3 {[%clk 00:06:41]}
{[%emt 00:05:59]} 30. Ke1 {[%clk 00:13:10]} {[%emt 00:01:50]} Qh1 {[%clk
00:06:21]} {[%emt 00:00:49]} 31. Kd2 {[%clk 00:11:41]} {[%emt 00:01:59]} Qd5
{[%clk 00:06:29]} {[%emt 00:00:20]} 32. Ke2 {[%clk 00:11:18]} {[%emt 00:00:55]}
Re4 {[%clk 00:05:22]} {[%emt 00:01:36]} 33. Kf1 {[%clk 00:11:27]} {[%emt
00:00:23]} Qd3 {[%clk 00:05:44]} {[%emt 00:00:08]} 34. Kg1 {[%clk 00:11:31]}
{[%emt 00:00:26]} Qg3 {[%clk 00:06:08]} {[%emt 00:00:06]} 35. Kf1 {[%clk
00:11:16]} {[%emt 00:00:45]} Qd3 {[%clk 00:05:54]} {[%emt 00:00:43]} 36. Kg1
{[%clk 00:11:24]} {[%emt 00:00:22]} Rg4 {[%clk 00:06:08]} {[%emt 00:00:16]} 37.
Kh2 {[%clk 00:10:53]} {[%emt 00:01:02]} Qg3# {[%clk 00:06:31]} {[%emt
00:00:06]} 0-1

[Event "DVM U20w 2022"]
[Site "Münster GER"]
[Date "2022.12.29"]
[Round "6"]
[White "Peglau, Mirjam"]
[Black "Bykov, Ilona"]
[Result "1-0"]
[Termination "normal"]
[Board "1.3"]
[WhiteElo "1875"]
[BlackElo "1452"]
[WhiteClock "01:18:03"]
[BlackClock "00:55:30"]
[WhiteTeam "Schachzentrum Seeblick e. V."]
[BlackTeam "Karlsruher SF 1853 1"]
[PlyCount "47"]
[WhiteFideId "16211138"]
[BlackFideId "12964433"]
[EventCountry "GER"]
[EventRounds "7"]
[EventType "team-swiss"]
[EventDate "2022.12.26"]

1. c4 {[%clk 01:30:59]} {[%emt 00:00:01]} Nf6 {[%clk 01:30:47]} {[%emt
00:00:13]} 2. Nf3 {[%clk 01:31:20]} {[%emt 00:00:08]} e6 {[%clk 01:30:47]}
{[%emt 00:00:30]} 3. d4 {[%clk 01:31:42]} {[%emt 00:00:07]} d5 {[%clk
01:30:18]} {[%emt 00:01:00]} 4. e3 {[%clk 01:32:04]} {[%emt 00:00:07]} c5
{[%clk 01:28:51]} {[%emt 00:01:57]} 5. Nc3 {[%clk 01:32:24]} {[%emt 00:00:09]}
Nc6 {[%clk 01:25:25]} {[%emt 00:03:57]} 6. a3 {[%emt 00:07:57]} cxd4 {[%clk
01:20:49]} {[%emt 00:00:15]} 7. Nxd4 {[%clk 01:26:57]} {[%emt 00:03:21]} Nxd4
{[%clk 01:19:36]} {[%emt 00:01:43]} 8. Qxd4 {[%clk 01:27:15]} {[%emt 00:00:11]}
dxc4 {[%clk 01:18:43]} {[%emt 00:01:24]} 9. Qxd8 {[%clk 01:27:33]} {[%emt
00:00:11]} Kxd8 {[%clk 01:19:00]} {[%emt 00:00:14]} 10. Bxc4 {[%clk 01:28:02]}
{[%emt 00:00:01]} Bd6 {[%clk 01:16:43]} {[%emt 00:02:47]} 11. O-O {[%clk
01:26:39]} {[%emt 00:01:52]} Bd7 {[%clk 01:14:05]} {[%emt 00:03:09]} 12. Nb5
{[%clk 01:22:26]} {[%emt 00:04:43]} Bb8 {[%clk 01:06:01]} {[%emt 00:08:34]} 13.
Rd1 {[%clk 01:21:36]} {[%emt 00:01:20]} Ke7 {[%clk 01:06:07]} {[%emt 00:00:24]}
14. Bd2 {[%clk 01:20:18]} {[%emt 00:01:47]} Bxb5 {[%clk 00:53:48]} {[%emt
00:12:50]} 15. Bb4 {[%clk 01:19:44]} {[%emt 00:01:04]} Ke8 {[%clk 00:54:12]}
{[%emt 00:00:06]} 16. Bxb5 {[%clk 01:20:06]} {[%emt 00:00:07]} Nd7 {[%clk
00:54:32]} {[%emt 00:00:11]} 17. Bxd7 {[%clk 01:18:16]} {[%emt 00:02:20]} Kd8
{[%clk 00:54:51]} {[%emt 00:00:11]} 18. Bxe6 {[%clk 01:17:50]} {[%emt
00:00:56]} Kc7 {[%clk 00:55:04]} {[%emt 00:00:17]} 19. Rac1 {[%clk 01:17:57]}
{[%emt 00:00:22]} Kb6 {[%clk 00:55:27]} {[%emt 00:00:08]} 20. Bc5 {[%clk
01:17:47]} {[%emt 00:00:40]} Kb5 {[%clk 00:55:23]} {[%emt 00:00:34]} 21. Bd7
{[%clk 01:17:47]} {[%emt 00:00:30]} Ka6 {[%clk 00:55:29]} {[%emt 00:00:24]} 22.
a4 {[%clk 01:17:44]} {[%emt 00:00:33]} Bc7 {[%clk 00:55:06]} {[%emt 00:00:53]}
23. Bb5 {[%clk 01:18:03]} {[%emt 00:00:10]} Ka5 {[%clk 00:55:30]} {[%emt
00:00:06]} 24. b4# {[%emt 00:00:06]} 1-0